000 01025nam a2200373Ia 4500
003 OSt
005 20220912145323.0
006 a|||||r|||| 00| 0
007 ta
008 220909b |||||||| |||| 00| 0 eng d
020 _a9780815341307 (pbk)
024 _a113684
037 _b3363, 13/11/2010, New India Book Agency
037 _cTextual
040 _aCSL
_beng
_cCSL
041 _aeng
082 _aG11, Q0;4
100 _aAlberts
245 0 _aEssential cell biology
250 _a3
260 _aNew York
_bGarland Science
_c2010
300 _axx, 731p.
_ccm.
500 _aGlossary G1-G30p.; Index I1-I28p.
650 _a Biochemistry
650 _a Cytology
650 _a Molecular biology
650 _aBiology
700 _a Bray
700 _a Hopkin
700 _a Johnson
700 _a Lewis
942 _hG11, Q0;4
_cTEXL
_2CC
999 _c28870
_d28870